| 000 | 01383cam a22003975a 4500 | ||
|---|---|---|---|
| 001 | 008102751 | ||
| 003 | EG-ScBUE | ||
| 005 | 20220825114033.0 | ||
| 008 | 721107r19881973nyua f 000 0 eng d | ||
| 020 | _a0834815222 | ||
| 040 |
_aUk _beng _erda _cUk _dEG-ScBUE |
||
| 041 | 1 |
_aeng _hjpn |
|
| 043 | _aa-ja--- | ||
| 082 | 0 | 4 |
_a712.2 _bITO _222 |
| 100 | 1 |
_aItō, Teiji, _d1922- _eauthor. |
|
| 240 | 1 | 0 |
_aShakkei to tsuboniwa. _lEnglish |
| 245 | 1 | 0 |
_aSpace and illusion in the Japanese garden / _ctext by Teiji Itoh ; photographs by Sosei Kuzunishi ; translated and adapted from the Japanese by Ralph Friedrich and Masajiro Shimamura. |
| 250 | _aSixth printing. | ||
| 264 | 1 |
_aNew York : _bWeatherhill / Tankosha, _c1988. |
|
| 300 |
_a229 pages : _billustrations ; _c26 cm |
||
| 336 |
_2rdacontent _atext _btxt |
||
| 337 |
_2rdamedia _aunmediated _bn |
||
| 338 |
_2rdacarrier _avolume _bnc |
||
| 500 | _aIncludes appendix. | ||
| 546 | _aText in English ; translated from the original Japanese. | ||
| 650 | 7 |
_aGardens, Japanese. _2BUEsh |
|
| 650 | 7 |
_aGardens _zJapan. _2BUEsh |
|
| 651 | _2BUEsh | ||
| 653 |
_bGGEN _cDecember2017 |
||
| 655 |
_vReading book _934232 |
||
| 700 | 1 |
_aKuzunishi, Sōsei, _ephotographer. |
|
| 700 | 1 |
_aFriedrich, Ralph, _etranslator. |
|
| 700 | 1 |
_aShimamura, Masajiro, _etranslator. |
|
| 942 |
_2ddc _cBB |
||
| 999 |
_c25766 _d25738 |
||